[Event "Ifjusagi csapatbajnoksag"]
[Site "Budapest"]
[Date "2015.08.29"]
[Round "6.47"]
[White "Kelemen, Szabolcs"]
[Black "Olle, Rebeka Sara"]
[Result "1-0"]
[WhiteElo "1816"]
[BlackElo "1813"]
[PlyCount "79"]
[EventDate "2015.??.??"]

1. e4 c5 2. Nf3 Nc6 3. d4 cxd4 4. Nxd4 Nf6 5. Nc3 e5 6. Ndb5 d6 7. Bg5 a6 8.
Na3 b5 9. Bxf6 gxf6 10. Nd5 Bg7 11. c4 b4 12. Nc2 a5 13. Nce3 Nd4 14. Rc1 O-O
15. g4 Bh6 16. c5 Be6 17. c6 Bxd5 18. exd5 Ra7 19. Rc4 a4 20. Nf5 Nxf5 21. gxf5
Bg7 22. Qg4 Kh8 23. Rxb4 a3 24. bxa3 Rxa3 25. Qc4 Qc7 26. Bd3 Rfa8 27. Bb1 h6
28. O-O R8a7 29. Qb5 Ra8 30. Qb7 R3a7 31. Qxc7 Rxc7 32. Rc1 Raa7 33. Rc3 Kh7
34. Rcb3 Ra8 35. Rb7 Rxb7 36. Rxb7 Rc8 37. Rxf7 Kg8 38. Rd7 Bf8 39. c7 h5 40.
Bd3 1-0

[Event "Ifjusagi csapatbajnoksag"]
[Site "Budapest"]
[Date "2015.08.29"]
[Round "7.1"]
[White "Buzas, Bertalan"]
[Black "Antal, Tibor Kende"]
[Result "0-1"]
[WhiteElo "2041"]
[BlackElo "2351"]
[PlyCount "54"]
[EventDate "2015.??.??"]

1. d4 Nf6 2. Nf3 e6 3. g3 b5 4. Bg2 Bb7 5. O-O c5 6. Na3 Qb6 7. c4 b4 8. Nc2
Na6 9. b3 d5 10. e3 dxc4 11. bxc4 Rc8 12. Bb2 cxd4 13. Bxd4 Bc5 14. Ne5 O-O 15.
Rb1 Rfd8 16. Qe1 Bxg2 17. Kxg2 Rb8 18. Qe2 Ne4 19. Qf3 f5 20. Rbd1 Qc7 21. Na1
Bd6 22. Nd3 Nc3 23. Bxc3 bxc3 24. Nb3 c2 25. Rd2 Ba3 26. Nd4 Qxc4 27. Ne5 Qxf1+
0-1

[Event "Ifjusagi csapatbajnoksag"]
[Site "Budapest"]
[Date "2015.08.29"]
[Round "7.2"]
[White "Kaczur, Florian"]
[Black "Toth, Kristof Istvan"]
[Result "1-0"]
[WhiteElo "2345"]
[BlackElo "1974"]
[PlyCount "51"]
[EventDate "2015.??.??"]

1. e4 c5 2. Nf3 d6 3. d4 cxd4 4. Nxd4 Nf6 5. Nc3 g6 6. Be3 Bg7 7. f3 O-O 8. Qd2
Nc6 9. O-O-O Nxd4 10. Bxd4 Be6 11. Kb1 Rc8 12. h4 Qc7 13. h5 Bc4 14. hxg6 fxg6
15. Nd5 Bxd5 16. exd5 Rf7 17. g3 Nd7 18. Bh3 Bxd4 19. Qxd4 Qxc2+ 20. Ka1 Rc4
21. Qe3 Nc5 22. Be6 Nxe6 23. dxe6 Rg7 24. Rc1 Qa4 25. Rxc4 Qxc4 26. Rc1 1-0

[Event "Ifjusagi csapatbajnoksag"]
[Site "Budapest"]
[Date "2015.08.29"]
[Round "7.3"]
[White "Acs, Marton"]
[Black "Dankhazi, Andras"]
[Result "1/2-1/2"]
[WhiteElo "2006"]
[BlackElo "2232"]
[PlyCount "34"]
[EventDate "2015.??.??"]

1. d4 Nf6 2. Nf3 d5 3. g3 c6 4. Bg2 Bf5 5. O-O h6 6. c4 e6 7. Nc3 Nbd7 8. Nd2
Be7 9. e4 dxe4 10. Ndxe4 O-O 11. Be3 Nxe4 12. Nxe4 Nf6 13. Nc3 Ng4 14. a3 Nxe3
15. fxe3 Qd7 16. Qe2 Bg6 17. Rfd1 Rad8 1/2-1/2

[Event "Ifjusagi csapatbajnoksag"]
[Site "Budapest"]
[Date "2015.08.29"]
[Round "7.4"]
[White "Benedeczky, Lehel"]
[Black "Szabo, Benjamin"]
[Result "1-0"]
[WhiteElo "2111"]
[BlackElo "2005"]
[PlyCount "107"]
[EventDate "2015.??.??"]

1. Nf3 Nf6 2. c4 g6 3. d4 Bg7 4. Nc3 O-O 5. e4 d6 6. Be2 Nbd7 7. Be3 e5 8. d5
h6 9. Nd2 Ne8 10. b4 f5 11. f3 f4 12. Bf2 b6 13. Nb3 Ba6 14. c5 Bxe2 15. Qxe2
Rf7 16. c6 Nf8 17. b5 g5 18. a4 Ng6 19. a5 Rb8 20. Ra3 h5 21. Kd2 Nf6 22. Rha1
g4 23. axb6 axb6 24. Ra7 Bh6 25. h3 Qc8 26. hxg4 hxg4 27. Kc2 gxf3 28. gxf3 Nh7
29. Nd2 Ng5 30. R1a6 Nh3 31. Be1 Ng5 32. Bf2 Nh3 33. Be1 Ng5 34. Nd1 Rh7 35.
Nf2 Bf8 36. Ng4 Be7 37. Qd3 Rh3 38. Nf2 Rg3 39. Qa3 Nxf3 40. Nxf3 Nh4 41. Ra8
Nxf3 42. Rxb8 Qxb8 43. Ra8 Nxe1+ 44. Kb2 Rxa3 45. Rxb8+ Kf7 46. Kxa3 Bh4 47.
Nd1 Nc2+ 48. Kb2 Nd4 49. Rxb6 Be1 50. Rb7 Ba5 51. b6 Nb5 52. bxc7 Nxc7 53. Kb3
Ke8 54. Ka4 1-0

[Event "Ifjusagi csapatbajnoksag"]
[Site "Budapest"]
[Date "2015.08.29"]
[Round "7.5"]
[White "Arvai, Eszter"]
[Black "Gal, Hanna Krisztina"]
[Result "1/2-1/2"]
[WhiteElo "2027"]
[BlackElo "2084"]
[PlyCount "24"]
[EventDate "2015.??.??"]

1. d4 Nf6 2. Nf3 g6 3. Bg5 Bg7 4. Nbd2 O-O 5. c3 d5 6. h3 b6 7. e3 Bb7 8. Bd3
Nbd7 9. O-O c5 10. Qb1 Rc8 11. b4 cxd4 12. cxd4 Re8 1/2-1/2

[Event "Ifjusagi csapatbajnoksag"]
[Site "Budapest"]
[Date "2015.08.29"]
[Round "7.6"]
[White "Losonczi, Marcell"]
[Black "Erseki, Tamara"]
[Result "1-0"]
[WhiteElo "1732"]
[BlackElo "1883"]
[PlyCount "57"]
[EventDate "2015.??.??"]

1. e4 c5 2. Nf3 d6 3. d4 cxd4 4. Qxd4 Nc6 5. Bb5 Bd7 6. Bxc6 Bxc6 7. Nc3 Nf6 8.
Bg5 e6 9. O-O-O Be7 10. Rhe1 Qc7 11. Kb1 Rd8 12. Qd2 O-O 13. Nd4 a6 14. Bxf6
Bxf6 15. g4 b5 16. g5 Be7 17. f3 b4 18. Nce2 d5 19. e5 Bd7 20. f4 a5 21. Rg1 a4
22. Rg3 Ra8 23. Rh3 Rfb8 24. Qd3 g6 25. Rh4 b3 26. cxb3 axb3 27. a3 Bxa3 28.
bxa3 Rxa3 29. Rh3 {mobil} 1-0

[Event "Ifjusagi csapatbajnoksag"]
[Site "Budapest"]
[Date "2015.08.29"]
[Round "7.7"]
[White "Csati, Oliver"]
[Black "Farkas, Richard"]
[Result "1/2-1/2"]
[WhiteElo "2189"]
[BlackElo "2267"]
[PlyCount "25"]
[EventDate "2015.??.??"]

1. c4 c5 2. Nc3 Nc6 3. Nf3 g6 4. e3 Nf6 5. d4 cxd4 6. exd4 d5 7. cxd5 Nxd5 8.
Qb3 e6 9. Bg5 Be7 10. Bh6 Bf8 11. Bg5 Be7 12. Bh6 Bf8 13. Bg5 1/2-1/2

[Event "Ifjusagi csapatbajnoksag"]
[Site "Budapest"]
[Date "2015.08.29"]
[Round "7.9"]
[White "Csuta, Akos Koppany"]
[Black "Urhegyi, Marton"]
[Result "1/2-1/2"]
[WhiteElo "2008"]
[BlackElo "2156"]
[PlyCount "32"]
[EventDate "2015.??.??"]

1. e4 c5 2. Nf3 d6 3. c3 Nf6 4. Bd3 g6 5. O-O Bg7 6. Bc2 O-O 7. h3 Nc6 8. Re1
e5 9. d4 Qc7 10. Be3 b6 11. Nbd2 Nh5 12. dxe5 dxe5 13. Bb3 Nf6 14. Qe2 Na5 15.
Ba4 c4 16. Bb5 Bb7 1/2-1/2

[Event "Ifjusagi csapatbajnoksag"]
[Site "Budapest"]
[Date "2015.08.29"]
[Round "7.10"]
[White "Polyik, Peter"]
[Black "Kovacs, Judit"]
[Result "1-0"]
[WhiteElo "2178"]
[BlackElo "1910"]
[PlyCount "74"]
[EventDate "2015.??.??"]

1. d4 d5 2. c4 c6 3. Nf3 Nf6 4. Nc3 a6 5. c5 Nbd7 6. Bf4 g6 7. h3 Bg7 8. e3 O-O
9. Be2 Ne4 10. O-O Re8 11. Qc2 e5 12. Nxe5 Nxe5 13. Nxe4 dxe4 14. dxe5 Bxe5 15.
Rfd1 Qe7 16. Qxe4 Bxf4 17. Qxf4 Qxc5 18. Rac1 Qe7 19. h4 Be6 20. b3 Bd5 21. h5
Qe5 22. Qh4 Rad8 23. Rd4 Qe7 24. hxg6 hxg6 25. Qxe7 Rxe7 26. Bc4 Red7 27. Rcd1
b5 28. Bxd5 Rxd5 29. Rxd5 Rxd5 30. Rxd5 cxd5 31. Kf1 Kg7 32. Ke2 Kf6 33. Kd3
Ke5 34. Kc3 a5 35. b4 a4 36. Kd3 f5 37. f4+ Ke6 1-0

[Event "Ifjusagi csapatbajnoksag"]
[Site "Budapest"]
[Date "2015.08.29"]
[Round "7.11"]
[White "Fekete, Agnes"]
[Black "Kiss, Peter"]
[Result "1/2-1/2"]
[WhiteElo "1795"]
[BlackElo "1966"]
[PlyCount "66"]
[EventDate "2015.??.??"]

1. d4 g6 2. Nf3 Bg7 3. Bg5 c5 4. c3 cxd4 5. cxd4 Nc6 6. e3 d5 7. Be2 Bf5 8. O-O
Nf6 9. Nc3 Ne4 10. Rc1 Nxg5 11. Nxg5 e5 12. Nf3 e4 13. Ne5 O-O 14. Nxc6 bxc6
15. Na4 Bd7 16. Nc5 Rb8 17. Nxd7 Qxd7 18. Qd2 f5 19. Rc5 Rf6 20. Rfc1 Bf8 21.
R5c2 g5 22. a3 Bd6 23. g3 Rb6 24. b4 Rh6 25. b5 cxb5 26. Rc8+ Kg7 27. Ra8 Bb8
28. Rc5 Rhd6 29. Qc2 Kf6 30. Rc8 Rdc6 31. Rxc6+ Rxc6 32. Bxb5 Rxc2 33. Bxd7 Rc7
1/2-1/2

[Event "Ifjusagi csapatbajnoksag"]
[Site "Budapest"]
[Date "2015.08.29"]
[Round "7.12"]
[White "Karacsonyi, Gellert"]
[Black "Csetneki, Mark"]
[Result "1-0"]
[WhiteElo "2013"]
[BlackElo "1873"]
[PlyCount "65"]
[EventDate "2015.??.??"]

1. e4 e5 2. Nf3 Nc6 3. Bb5 a6 4. Bxc6 bxc6 5. O-O d6 6. c3 Nf6 7. d4 Bg4 8.
dxe5 Bxf3 9. Qxf3 dxe5 10. Rd1 Qb8 11. Nd2 Bd6 12. Nc4 h6 13. Qf5 Qc8 14. Nxd6+
cxd6 15. Rxd6 Qxf5 16. exf5 Rd8 17. Rxd8+ Kxd8 18. Be3 Kc7 19. Rd1 Ne4 20. f3
Nd6 21. g4 Nc4 22. Bc1 f6 23. b3 Nd6 24. Ba3 Rd8 25. Bxd6+ Rxd6 26. Rxd6 Kxd6
27. Kf2 Kd5 28. Ke3 a5 29. a3 c5 30. c4+ Kc6 31. Kd3 Kd6 32. Kc3 Kc6 33. b4 {
Kd5} 1-0

[Event "Ifjusagi csapatbajnoksag"]
[Site "Budapest"]
[Date "2015.08.29"]
[Round "7.13"]
[White "Csonka, Balazs"]
[Black "Markoja, Boris"]
[Result "1-0"]
[WhiteElo "2410"]
[BlackElo "2310"]
[PlyCount "119"]
[EventDate "2015.??.??"]

1. d4 Nf6 2. c4 c5 3. d5 e6 4. Nc3 exd5 5. cxd5 d6 6. Nf3 g6 7. Bf4 a6 8. a4
Bg7 9. h3 O-O 10. e3 Ne8 11. Be2 Nd7 12. O-O Qe7 13. a5 Rb8 14. Ra3 b5 15. axb6
Rxb6 16. Rb3 Rb4 17. Rxb4 cxb4 18. Na4 Bb7 19. Nd4 Ne5 20. Qd2 Nf6 21. Bxe5
dxe5 22. Nc6 Qd6 23. Qxb4 Qxb4 24. Nxb4 Nxd5 25. Bxa6 Nxb4 26. Bxb7 Rb8 27. Bf3
Nd3 28. Rd1 Nxb2 29. Rb1 Rb4 30. Nxb2 e4 31. Bxe4 Rxe4 32. Nd3 h5 33. Rb8+ Kh7
34. Rb7 Kg8 35. g3 Rc4 36. Kg2 Ra4 37. Kf3 Rc4 38. Nf4 Rc5 39. Rd7 Ra5 40. Nd5
Ra4 41. g4 hxg4+ 42. hxg4 Ra5 43. g5 Ra4 44. Kg3 Rc4 45. f4 Ra4 46. Kg4 Ra1 47.
e4 Ra4 48. Rd8+ Kh7 49. Re8 Ra1 50. e5 Rg1+ 51. Kf3 Ra1 52. Nf6+ Bxf6 53. gxf6
Ra6 54. Rf8 Ra7 55. Kg4 Rb7 56. Kg5 Ra7 57. Rxf7+ Rxf7 58. e6 Kg8 59. e7 Rf8
60. exf8=Q+ 1-0

[Event "Ifjusagi csapatbajnoksag"]
[Site "Budapest"]
[Date "2015.08.29"]
[Round "7.14"]
[White "Krstulovic, Alex"]
[Black "Dragnev, Valentin"]
[Result "1/2-1/2"]
[WhiteElo "2119"]
[BlackElo "2339"]
[PlyCount "26"]
[EventDate "2015.??.??"]

1. d4 d5 2. c4 c6 3. cxd5 cxd5 4. Bf4 Nf6 5. Nc3 e6 6. e3 Bd6 7. Bxd6 Qxd6 8.
f4 O-O 9. Bd3 b6 10. Nf3 Bb7 11. O-O Nc6 12. Rc1 Rfc8 13. Ne5 Ne7 1/2-1/2

[Event "Ifjusagi csapatbajnoksag"]
[Site "Budapest"]
[Date "2015.08.29"]
[Round "7.15"]
[White "Juhasz, Armin"]
[Black "Felde, Bence"]
[Result "1-0"]
[WhiteElo "2315"]
[BlackElo "1930"]
[PlyCount "39"]
[EventDate "2015.??.??"]

1. Nf3 Nf6 2. c4 e6 3. g3 b6 4. Bg2 Bb7 5. O-O Be7 6. Nc3 O-O 7. Re1 d5 8. cxd5
exd5 9. d4 Na6 10. Bf4 c5 11. Rc1 Ne4 12. a3 h6 13. Be5 Qd7 14. dxc5 Nxc3 15.
Bxc3 bxc5 16. e3 Qe6 17. Qa4 c4 18. Nd4 Qg6 19. Qd7 Nc5 20. Qxe7 1-0

[Event "Ifjusagi csapatbajnoksag"]
[Site "Budapest"]
[Date "2015.08.29"]
[Round "7.16"]
[White "Haselbach, David"]
[Black "Orosz, Andras"]
[Result "0-1"]
[WhiteElo "2053"]
[BlackElo "2281"]
[PlyCount "74"]
[EventDate "2015.??.??"]

1. e4 c5 2. Nc3 a6 3. f4 b5 4. g3 Bb7 5. Bg2 e6 6. d3 d5 7. exd5 exd5 8. Nf3
Nf6 9. O-O Be7 10. Re1 O-O 11. Nh4 Qd7 12. Nf5 Bd8 13. Bh3 Kh8 14. g4 d4 15.
Ne4 Nxe4 16. dxe4 Bb6 17. Bg2 Nc6 18. e5 Rad8 19. Nd6 Ba8 20. Ne4 c4 21. Kh1 d3
22. cxd3 Nb4 23. Be3 Bxe3 24. Rxe3 Nxd3 25. Qf1 Qd4 26. Re2 Nxb2 27. Qf3 Nd3
28. Rf1 Nc5 29. Qe3 Qxe3 30. Rxe3 Nxe4 31. Bxe4 Rd3 32. Rfe1 Rxe3 33. Rxe3
Bxe4+ 34. Rxe4 c3 35. f5 c2 36. Re1 Rd8 37. e6 fxe6 0-1

[Event "Ifjusagi csapatbajnoksag"]
[Site "Budapest"]
[Date "2015.08.29"]
[Round "7.17"]
[White "Haszon, Kamilla Sara"]
[Black "Varga, Richard"]
[Result "1-0"]
[WhiteElo "2000"]
[BlackElo "1941"]
[PlyCount "41"]
[EventDate "2015.??.??"]

1. e4 c5 2. Nf3 d6 3. d4 cxd4 4. Nxd4 Nf6 5. Nc3 g6 6. Be3 Bg7 7. f3 O-O 8. Qd2
Nc6 9. g4 Nxd4 10. Bxd4 Be6 11. Nd5 Bxd5 12. exd5 Nd7 13. Bxg7 Kxg7 14. h4 Ne5
15. Be2 Qb6 16. O-O-O Rac8 17. h5 Kg8 18. Qh6 Qc7 19. c3 e6 20. hxg6 fxg6 21.
f4 1-0

[Event "Ifjusagi csapatbajnoksag"]
[Site "Budapest"]
[Date "2015.08.29"]
[Round "7.19"]
[White "Ngo Tan, Don"]
[Black "Egri, Laszlo Jr"]
[Result "1/2-1/2"]
[WhiteElo "2309"]
[BlackElo "2157"]
[PlyCount "35"]
[EventDate "2015.??.??"]

1. e4 c5 2. b3 a6 3. c4 e6 4. Bb2 b6 5. Be2 Bb7 6. Bf3 d6 7. Ne2 Nd7 8. d4 cxd4
9. Nxd4 Qc7 10. O-O Ngf6 11. Nc3 Be7 12. g3 O-O 13. Bg2 Rac8 14. f4 Rfe8 15. f5
Bf8 16. fxe6 fxe6 17. Qe2 d5 18. cxd5 1/2-1/2

[Event "Ifjusagi csapatbajnoksag"]
[Site "Budapest"]
[Date "2015.08.29"]
[Round "7.21"]
[White "Medve, Mark"]
[Black "Czupor, Attila"]
[Result "1-0"]
[WhiteElo "2088"]
[BlackElo "2125"]
[PlyCount "69"]
[EventDate "2015.??.??"]

1. d4 d5 2. c4 c6 3. Nf3 Nf6 4. Nc3 e6 5. Bg5 Nbd7 6. e3 Qa5 7. Nd2 Bb4 8. Qc2
O-O 9. Be2 c5 10. O-O cxd4 11. exd4 dxc4 12. Bxf6 Nxf6 13. Nxc4 Qc7 14. Rac1
Rd8 15. Rfd1 b6 16. Nb5 Qf4 17. Bf3 Nd5 18. a3 Bf8 19. Ne5 Bb7 20. Qb3 Qg5 21.
Rc2 a6 22. Nc7 Rac8 23. Nxd5 Rxc2 24. Qxc2 Bxd5 25. Qc7 Be7 26. Qxb6 Rd6 27.
Qb8+ Rd8 28. Qa7 Bb3 29. Rf1 Rf8 30. Qxa6 f6 31. Nc4 Qf5 32. Ne3 Qf4 33. Qb7
Bd6 34. g3 Qxd4 35. Qxb3 1-0

[Event "Ifjusagi csapatbajnoksag"]
[Site "Budapest"]
[Date "2015.08.29"]
[Round "7.22"]
[White "Varga, Melinda"]
[Black "Wanger, Tamas"]
[Result "1-0"]
[WhiteElo "2135"]
[BlackElo "2049"]
[PlyCount "89"]
[EventDate "2015.??.??"]

1. Nf3 Nf6 2. c4 e6 3. g3 b6 4. Bg2 Bb7 5. O-O Be7 6. Nc3 c5 7. Re1 d5 8. cxd5
exd5 9. d4 O-O 10. Bf4 Nc6 11. Rc1 Ne4 12. Na4 c4 13. Nc3 Bb4 14. Rf1 Nxc3 15.
bxc3 Bd6 16. Bg5 f6 17. Bd2 Re8 18. Re1 Qd7 19. Nh4 Nd8 20. Qc2 Nf7 21. e4 dxe4
22. Bxe4 Bxe4 23. Rxe4 Rxe4 24. Qxe4 Re8 25. Qd5 Qa4 26. Nf5 Bf8 27. Bf4 Rd8
28. Qb7 Rd7 29. Qe4 g6 30. Ne3 g5 31. Ng4 Kg7 32. Qe6 Be7 33. Bd2 h5 34. Ne3
Nd6 35. Nd5 Bd8 36. h4 Nf7 37. Ne3 Qb5 38. d5 Kg6 39. Qe4+ Kg7 40. a4 Qc5 41.
hxg5 Nxg5 42. Nf5+ Kf8 43. Bxg5 fxg5 44. Re1 Be7 45. d6 1-0

[Event "Ifjusagi csapatbajnoksag"]
[Site "Budapest"]
[Date "2015.08.29"]
[Round "7.23"]
[White "Egyed, Judit"]
[Black "Szukics, Adam"]
[Result "1/2-1/2"]
[WhiteElo "1981"]
[BlackElo "2058"]
[PlyCount "32"]
[EventDate "2015.??.??"]

1. e4 e5 2. Nf3 Nc6 3. Bc4 Bc5 4. c3 Nf6 5. d3 d6 6. h3 a6 7. Nbd2 Ba7 8. Bb3
O-O 9. Nf1 Ne7 10. Ng3 Ng6 11. O-O c6 12. d4 Be6 13. Bc2 Qc7 14. Bg5 Ne8 15.
Qe2 h6 16. Be3 Nf6 1/2-1/2

[Event "Ifjusagi csapatbajnoksag"]
[Site "Budapest"]
[Date "2015.08.29"]
[Round "7.24"]
[White "Gombos, Bettina"]
[Black "Egyed, Viktoria"]
[Result "1/2-1/2"]
[WhiteElo "1913"]
[BlackElo "1980"]
[PlyCount "41"]
[EventDate "2015.??.??"]

1. e4 c5 2. Nf3 e6 3. d4 cxd4 4. Nxd4 a6 5. Bd3 Qc7 6. O-O Nf6 7. Qe2 d6 8. c4
g6 9. Nc3 Bg7 10. Be3 O-O 11. Rac1 Nbd7 12. f4 b6 13. b4 Bb7 14. Nf3 Rfe8 15.
Bd2 Rad8 16. Rfe1 Ba8 17. Kh1 h6 18. Qf1 Kh7 19. Nh4 Rf8 20. Nf3 Rfe8 21. Nh4
1/2-1/2

[Event "Ifjusagi csapatbajnoksag"]
[Site "Budapest"]
[Date "2015.08.29"]
[Round "7.25"]
[White "Terbe, Julianna"]
[Black "Nagybiro, Laszlo"]
[Result "1-0"]
[WhiteElo "2232"]
[BlackElo "2029"]
[PlyCount "157"]
[EventDate "2015.??.??"]

1. e4 e6 2. d4 d5 3. Nd2 c5 4. exd5 exd5 5. Ngf3 Nc6 6. Bb5 Nf6 7. O-O Be7 8.
dxc5 Bxc5 9. Re1+ Be6 10. Nb3 Qb6 11. Nxc5 Qxc5 12. Bxc6+ bxc6 13. Nd4 O-O 14.
Nxe6 fxe6 15. Rxe6 Ng4 16. Be3 Nxe3 17. Rxe3 Rae8 18. Re2 Qb6 19. b3 Re4 20.
Qd3 Ref4 21. Rf1 h6 22. a4 Kh8 23. h3 a6 24. Qg3 Qa7 25. Re6 Qc5 26. Rg6 R4f7
27. c3 Qb6 28. b4 d4 29. Qd3 dxc3 30. Qxc3 Rf6 31. Rxf6 Rxf6 32. a5 Qb5 33. Re1
Qf5 34. Re8+ Kh7 35. Re2 Qb1+ 36. Kh2 Qf1 37. Qd3+ Rg6 38. g3 h5 39. h4 Kh6 40.
Qe3+ Kh7 41. Qf3 Rf6 42. Qxh5+ Kg8 43. Qe8+ Rf8 44. Qe3 Rf6 45. Rd2 Qb1 46. Rd4
Qc2 47. Kg2 Rf8 48. h5 c5 49. Rd2 Qf5 50. bxc5 Qxh5 51. Qe6+ Kh7 52. Qh3 Qxh3+
53. Kxh3 Rc8 54. Rc2 Rc6 55. Kg4 Kg6 56. Kf4 Kf6 57. Ke4 Ke6 58. Kd4 Kd7 59. f4
Rg6 60. Rc3 Kc6 61. Rb3 Rg4 62. Rb6+ Kc7 63. Rxa6 Rxg3 64. Rb6 Rf3 65. Ke4 Rc3
66. Kd5 Rf3 67. c6 Rd3+ 68. Ke6 Rf3 69. Kf5 g6+ 70. Kg4 Ra3 71. Rb7+ Kxc6 72.
Rg7 Rxa5 73. Rxg6+ Kd7 74. Rg5 Ra6 75. Re5 Kd6 76. Re1 Ra8 77. f5 Kd7 78. Kg5
Rg8+ 79. Kf6 1-0

[Event "Ifjusagi csapatbajnoksag"]
[Site "Budapest"]
[Date "2015.08.29"]
[Round "7.26"]
[White "Varadi, Benedek"]
[Black "Berta, Sandor"]
[Result "0-1"]
[WhiteElo "2072"]
[BlackElo "2121"]
[PlyCount "61"]
[EventDate "2015.??.??"]

1. c4 g6 2. Nc3 Bg7 3. g3 e5 4. Bg2 d6 5. e3 Nc6 6. Nge2 h5 7. d3 h4 8. Nd5 Be6
9. Nec3 Nh6 10. Rb1 f5 11. b4 Qd7 12. b5 Nd8 13. Qa4 O-O 14. Qa3 Ndf7 15. Bd2
c6 16. bxc6 bxc6 17. Nb4 e4 18. dxe4 Bxc4 19. exf5 Qxf5 20. Be4 Qh5 21. Bd3
Bxd3 22. Nxd3 Qf5 23. Ne2 c5 24. Rc1 c4 25. Nb4 Ne5 26. f4 Nf3+ 27. Kd1 Ng4 28.
Rf1 Nfxh2 29. Rg1 a5 30. e4 Qxe4 31. Nc2 0-1

[Event "Ifjusagi csapatbajnoksag"]
[Site "Budapest"]
[Date "2015.08.29"]
[Round "7.27"]
[White "Laza, Szabolcs"]
[Black "Werner, Anna"]
[Result "1-0"]
[WhiteElo "2150"]
[BlackElo "1999"]
[PlyCount "83"]
[EventDate "2015.??.??"]

1. d4 d5 2. c4 e6 3. Nc3 Nf6 4. Nf3 Be7 5. Bg5 Nbd7 6. e3 h6 7. Bf4 O-O 8. cxd5
exd5 9. Bd3 c6 10. Qc2 Re8 11. O-O Nf8 12. h3 Bd6 13. Be5 Qe7 14. Rab1 a5 15.
a3 N8d7 16. Bxd6 Qxd6 17. b4 axb4 18. axb4 b5 19. Rfc1 Bb7 20. Qe2 Qe7 21. Nh4
Ne4 22. Nf5 Qf6 23. Bxe4 dxe4 24. Qg4 h5 25. Qxh5 g6 26. Nh6+ Kg7 27. Qg4 Rad8
28. Nxe4 Rxe4 29. Qxe4 Kxh6 30. Ra1 Nb6 31. Ra7 Ba8 32. Rca1 Na4 33. Rxf7 Qxf7
34. Qh4+ Kg7 35. Qxd8 Bb7 36. Qb8 Qd7 37. e4 Kf7 38. Ra3 Bc8 39. Rf3+ Kg8 40.
Rf6 Kg7 41. Qe5 Kh7 42. Rf8 1-0

[Event "Ifjusagi csapatbajnoksag"]
[Site "Budapest"]
[Date "2015.08.29"]
[Round "7.28"]
[White "Horvath, Balazs"]
[Black "Marosi, Levente"]
[Result "1/2-1/2"]
[WhiteElo "2036"]
[BlackElo "2212"]
[PlyCount "91"]
[EventDate "2015.??.??"]

1. e4 c5 2. Nf3 d6 3. d4 cxd4 4. Nxd4 Nf6 5. Nc3 a6 6. h3 g6 7. g4 Bg7 8. Bg2
O-O 9. O-O Nc6 10. Nde2 Bd7 11. Be3 Rc8 12. f4 b5 13. a3 Na5 14. Bd4 Bc6 15.
Ng3 Qc7 16. f5 Nc4 17. Qc1 Ne8 18. Bxg7 Nxg7 19. Kh2 Qb6 20. Nd1 Qd4 21. c3 Qd2
22. Qxd2 Nxd2 23. Rf2 Nc4 24. b3 Ne5 25. Nb2 Rc7 26. Rc1 Rfc8 27. Rfc2 g5 28.
c4 Bd7 29. Nf1 bxc4 30. Nxc4 Nxc4 31. Rxc4 Rxc4 32. Rxc4 Rxc4 33. bxc4 Ne8 34.
Nd2 Nf6 35. Bf3 Kf8 36. Kg2 Ke8 37. Kf2 Kd8 38. Ke3 Kc7 39. Kd4 Bc6 40. c5 Nd7
41. cxd6+ exd6 42. Be2 Bb7 43. Nc4 f6 44. Ne3 Nb6 45. Bc4 Kd7 46. Bd5 1/2-1/2

[Event "Ifjusagi csapatbajnoksag"]
[Site "Budapest"]
[Date "2015.08.29"]
[Round "7.29"]
[White "Terbe, Zsuzsanna"]
[Black "Majnay, Peter"]
[Result "1-0"]
[WhiteElo "2103"]
[BlackElo "1799"]
[PlyCount "37"]
[EventDate "2015.??.??"]

1. e4 c5 2. c3 e5 3. Nf3 Nc6 4. Bc4 Be7 5. O-O Nf6 6. Re1 O-O 7. d4 cxd4 8.
cxd4 Nxd4 9. Nxd4 exd4 10. Qxd4 Qa5 11. Nc3 Bc5 12. Qd1 Bxf2+ 13. Kxf2 Qc5+ 14.
Be3 Qxc4 15. Bd4 Ng4+ 16. Kg1 d6 17. Nd5 b6 18. Rc1 Qxa2 19. Rxc8 1-0

[Event "Ifjusagi csapatbajnoksag"]
[Site "Budapest"]
[Date "2015.08.29"]
[Round "7.30"]
[White "Hegedus, Dominik"]
[Black "Toth-Katona, Tamas"]
[Result "0-1"]
[WhiteElo "1769"]
[BlackElo "2026"]
[PlyCount "88"]
[EventDate "2015.??.??"]

1. e4 e6 2. d4 d5 3. Nc3 Nf6 4. Bg5 dxe4 5. Nxe4 Be7 6. Ng3 O-O 7. Nf3 b6 8.
Bd3 Bb7 9. c3 Nbd7 10. O-O h6 11. Bf4 c5 12. Qe2 Re8 13. Ne5 Bf8 14. Rad1 Qc8
15. Ne4 Nxe4 16. Bxe4 Bxe4 17. Qxe4 Nf6 18. Qf3 cxd4 19. cxd4 Qd8 20. Rc1 Qxd4
21. Rc7 Bd6 22. Rc4 Qd5 23. Qe2 Nh5 24. Qxh5 Bxe5 25. b3 Bxf4 26. Qxd5 exd5 27.
Rxf4 Re2 28. a4 Rb2 29. Rf3 Rd2 30. Rc1 Re8 31. h3 Re7 32. Rc8+ Kh7 33. Rd8 Rc7
34. Rf5 d4 35. Rfd5 Rc1+ 36. Kh2 Rxf2 37. Rxd4 Rcc2 38. Rg4 f5 39. Rg3 f4 40.
Rg4 f3 41. Rd7 Rxg2+ 42. Rxg2 Rxg2+ 43. Kh1 Rb2 44. Rxa7 Rb1+ 0-1

[Event "Ifjusagi csapatbajnoksag"]
[Site "Budapest"]
[Date "2015.08.29"]
[Round "7.31"]
[White "Pribelszky, Bence"]
[Black "Kokeny, Norbert Adrian"]
[Result "1-0"]
[WhiteElo "2176"]
[BlackElo "2123"]
[PlyCount "71"]
[EventDate "2015.??.??"]

1. Nc3 c5 2. Nf3 d5 3. e4 d4 4. Ne2 Nc6 5. Ng3 e5 6. Bb5 Bd6 7. Bxc6+ bxc6 8.
d3 Ne7 9. O-O f6 10. Nd2 Be6 11. b3 Qd7 12. Nc4 Ng6 13. Ne2 O-O 14. f4 Bxc4 15.
bxc4 f5 16. exf5 Rxf5 17. g4 Rf7 18. f5 Nf8 19. Ng3 g6 20. Bh6 Qe7 21. Ne4 Nd7
22. f6 Qe6 23. Ng5 Qe8 24. Nxf7 Qxf7 25. Qf3 Rc8 26. Rab1 Nb6 27. a4 Rc7 28. a5
Nd7 29. Rb3 Bf8 30. Bxf8 Kxf8 31. g5 Qe6 32. Rfb1 Kf7 33. Rb7 Qd6 34. a6 Nb6
35. R1xb6 axb6 36. a7 1-0

[Event "Ifjusagi csapatbajnoksag"]
[Site "Budapest"]
[Date "2015.08.29"]
[Round "7.32"]
[White "Simon, Lili"]
[Black "Kassay, Krisztian"]
[Result "0-1"]
[WhiteElo "2077"]
[BlackElo "2153"]
[PlyCount "64"]
[EventDate "2015.??.??"]

1. Nf3 b6 2. c4 c5 3. g3 Nf6 4. Bg2 Bb7 5. Nc3 e6 6. O-O a6 7. d4 cxd4 8. Qxd4
d6 9. Bg5 Be7 10. Rfd1 Nbd7 11. Rac1 O-O 12. Bxf6 Nxf6 13. e4 Qc7 14. Re1 Rac8
15. Na4 Nd7 16. b3 b5 17. Nb2 Bf6 18. Qd2 b4 19. Na4 Nc5 20. Nd4 Nxa4 21. bxa4
Qb6 22. Red1 d5 23. exd5 exd5 24. Nf5 dxc4 25. Bxb7 c3 26. Qd5 Rc7 27. Nd6 Rc5
28. Qf3 c2 29. Rd5 Bb2 30. Rxc5 Qxc5 31. Qe3 Qxe3 32. fxe3 Bxc1 0-1

[Event "Ifjusagi csapatbajnoksag"]
[Site "Budapest"]
[Date "2015.08.29"]
[Round "7.33"]
[White "Vanczak, Tamas"]
[Black "Bege, Levente"]
[Result "1-0"]
[WhiteElo "2071"]
[BlackElo "1966"]
[PlyCount "49"]
[EventDate "2015.??.??"]

1. e4 c5 2. Nf3 d6 3. d4 Nf6 4. Nc3 cxd4 5. Nxd4 a6 6. Bc4 e6 7. Qe2 Qc7 8. Bb3
Nc6 9. Be3 Be7 10. O-O-O b5 11. f3 Ne5 12. g4 O-O 13. g5 Nfd7 14. f4 Nc4 15. h4
Bb7 16. g6 Nf6 17. h5 Nxe4 18. h6 Bf6 19. hxg7 Bxg7 20. Rxh7 Nxc3 21. bxc3 Rac8
22. Rg1 Bd5 23. Qh5 f5 24. Nxe6 Bxe6 25. Rh1 1-0

[Event "Ifjusagi csapatbajnoksag"]
[Site "Budapest"]
[Date "2015.08.29"]
[Round "7.34"]
[White "Bege, Mate"]
[Black "Kassay, Lilla"]
[Result "0-1"]
[WhiteElo "1935"]
[BlackElo "2017"]
[PlyCount "74"]
[EventDate "2015.??.??"]

1. e4 c5 2. Nf3 d6 3. d4 cxd4 4. Qxd4 Nc6 5. Bb5 Bd7 6. Bxc6 Bxc6 7. Nc3 Nf6 8.
Bg5 e6 9. O-O-O Be7 10. Kb1 Qa5 11. Rhe1 O-O 12. Qd2 Kh8 13. Nd4 Rfd8 14. f3
Rac8 15. g4 a6 16. h4 b5 17. Be3 b4 18. Nce2 Nd7 19. g5 Ne5 20. Bf2 Nc4 21. Qf4
Kg8 22. Qg4 Bd7 23. f4 Qa4 24. Qg3 Rc7 25. f5 e5 26. Nb3 Rdc8 27. Rc1 a5 28.
Rg1 f6 29. Qd3 Bb5 30. Qd5+ Kh8 31. Ng3 Nxb2 32. Kxb2 Bc4 33. Qd2 Qa3+ 34. Kb1
a4 35. Qe3 axb3 36. cxb3 Bd3+ 37. Rc2 Rxc2 0-1